000 00682nam a2200289Ia 4500
005 20260324145204.0
008 008 260324s9999 xx 000 0 eng d
020 _a9781315628349
037 _aEBOOK
040 _aCRL
040 _beng
040 _cCRL
041 _2eng
041 _aeng
084 _qCRL
100 _aIvor Wilks
_91222070
245 0 _aSouth Wales and the Rising of 1839
245 0 _bClass Struggle as Armed Struggle
260 _bTaylor and Francis
260 _c1984
365 _a
365 _b230
856 _uhttp://www.taylorfrancis.com/books/9781315628349
942 _cEBOOK
999 _c1829637
_d1829637